=LDR 00000nam 2200000 4500 =001 INLIS000000000035137 =005 20130612141021 =008 ***********************************Ind** =035 ##$$0010-061300000035137 =041 ##$$a Ind =082 ##$$a 615.880.959.822 =100 ##$$a Drs. Soegeng Reksodihardjo =245 ##$$a pengobatan tradisional pada masyarakat pedesaan daerah jawa tengah =260 ##$$a 1991 $b jakarta =300 ##$$a x, 184 hlm , ilus , 22 cm =850 ##$$a NBPNMAT